Miraculous - Tous les épisodes - Statistiques

Statistiques générales
  • Ce quiz a été pris 1 479 fois
    38 depuis la dernière actualisation
  • Le résultat moyen est 76 sur 162
Statistiques - réponses
Hint Réponse % Correct
1 1 Climatika
89%
1 2 Le Bulleur
86%
1 24 Volpina
82%
1 26 Coeur de Pierre (Origines)
79%
1 4 Lady Wifi
75%
1 5 Chronogirl
71%
3 22 Chat Blanc
68%
1 7 Le Dessinateur
68%
1 17 Antibug
64%
2 24 Catalyste (Le Jour des Héros)
64%
2 9 Glaciator
64%
1 12 Le Chevalier Noir
64%
2 1 Le Collectionneur
64%
1 15 Le Gamer
64%
2 8 Le Hibou Noir
64%
2 25 Mayura (Le Jour des Héros)
64%
1 6 M. Pigeon
64%
2 12 Capitaine Hardrock
61%
5 11 Déflagration (Le Choix des Kwamis)
61%
2 2 Doudou Vilain
61%
1 11 Horrificator
61%
1 10 Le Dislocoeur
61%
1 22 Princesse Fragrance
61%
1 19 Reflekta
61%
2 5 Riposte
61%
3 1 Caméléon
57%
6 1 Climatiqueen
57%
3 16 Gamer 2.0
57%
1 18 La Marionnettiste
57%
1 13 Le Mime
57%
1 3 Le Pharaon
57%
3 12 Maître Noël
57%
3 25 Mangeamour (La Bataille des Miraculous)
57%
3 6 Papa Garou
57%
2 Pire Noël
57%
2 22 Queen Wasp (Le Combat des Reines)
57%
3 7 Silence
57%
2 21 Style Queen (Le Combat des Reines)
57%
2 13 Zombizou
57%
5 Action
54%
2 17 Anansi
54%
3 2 Animaestro
54%
3 17 Climatika 2
54%
6 2 Dessinatriste
54%
3 23 Félix
54%
2 7 Gigantitan
54%
1 20 Guitar Vilain
54%
2 19 Inverso
54%
2 4 La Béfana
54%
3 24 Ladybug
54%
1 25 Ladybug et Chat Noir (Origines)
54%
3 26 Miracle Queen (La Bataille des Miraculous)
54%
5 26 Re-création (Le Dernier Jour)
54%
2 6 Robostus
54%
2 14 Syren
54%
6 8 Vampigami
54%
4 1 Vérité
54%
3 14 Chasseusse de Kwamis
50%
5 3 Destruction
50%
4 22 Ephémère
50%
3 15 Festin
50%
4 9 Gabriel Agreste
50%
1 14 Kung Food
50%
6 22 Lady Chaos
50%
4 2 Mensonge
50%
4 4 M. Pigeon 72
50%
3 8 Oni-Chan
50%
4 14 Sentibulleur
50%
3 13 Startrain
50%
6 3 Sublimation
50%
5 21 Confrontation
46%
6 7 El Toro De Piedra
46%
4 3 Gang des Secrets
46%
4 15 Glaciator 2
46%
2 11 Gorizilla
46%
3 18 Ikari Gozen
46%
5 5 Illusion
46%
5 4 Jubilation
46%
6 15 La Redresseuse
46%
1 9 L'Imposteur
46%
3 9 Miraculeur
46%
6 9 Monsieur Agreste
46%
6 5 Papys Garous
46%
4 24 Penalteam
46%
4 7 Pirkell
46%
5 10 Transmission (Le Choix des Kwamis)
46%
5 17 Adoration
43%
2 3 Audimatrix
43%
6 21 Les Titans Chaînés
43%
6 12 Psyconductrice
43%
4 18 Exauceur
43%
4 6 Fu Furieux
43%
4 17 Larme Ultime
43%
6 16 Noé
43%
1 21 Numéric
43%
4 13 Optigami
43%
6 6 Princesse Syren
43%
5 16 Protection
43%
4 20 Qilin
43%
4 8 Queen Banana
43%
6 20 Renverse-coeurs
43%
6 11 Revelator
43%
1 8 Rogercop
43%
3 19 Timetagger
43%
6 23 Tristanansi
43%
3 20 Trouble fête
43%
4 21 Chère Famille
39%
4 11 Culpabysse
39%
3 11 Desperada
39%
5 1 Evolution
39%
4 16 Hack-San
39%
2 18 Le Marchand de Sable
39%
2 16 L'Insaisissable
39%
6 26 Némésis
39%
W 2020 New York, les héros unis
39%
3 5 Poupéflekta
39%
4 5 Psycomédien
39%
5 24 Représentation
39%
6 19 Riginarazione
39%
2 15 Rossignoble
39%
2 10 Sapotis
39%
W 2021 Shanghai, la légende de Ladydragon
39%
W 2025 Tokyo, Stellar Force
39%
1 16 Animan
36%
5 14 Dérision
36%
5 9 Exaltation
36%
3 21 La Marionettiste 2
36%
6 10 Le Château Noir
36%
2 20 Le Patineur
36%
6 18 Les Crassetastrophes
36%
W 2024 Londres, la course contre le temps
36%
2 23 Maledikteur
36%
5 2 Multiplication
36%
3 10 Oblivio
36%
6 25 Protocole Secret
36%
3 4 Rebrousse-Temps
36%
5 20 Révélation
36%
6 13 Yaksi Gozen
36%
3 3 Boulangerix
32%
5 25 Conformation (Le Dernier Jour)
32%
6 14 Couchorak
32%
5 18 Emotion
32%
1 23 Jackady
32%
6 17 La Fée de Beaux Rêves
32%
W 2023 Paris, les aventures de Toxinelle et Griffe Noire
32%
5 8 Réunion
32%
4 25 Risque (La Dernière Attaque de Papillombre)
32%
5 6 Détermination
29%
5 15 Intuition
29%
4 23 Kuro Neko
29%
5 7 Passion
29%
5 12 Perfection
29%
5 19 Prétention
29%
4 26 Réplique (La Dernière Attaque de Papillombre)
29%
5 22 Collusion
25%
6 4 Daddycop
25%
6 24 La Reine de Frayeurville
25%
5 13 Migration
25%
5 23 Révolution
25%
4 19 Simplificator
25%
4 12 Crocoduel
21%
4 10 Sangsure
21%
Aucun quiz correspondant
Distribution des résultats
% des personnes avec chaque résultat
Percentile par nombre de réponses
Votre historique - résultats
Vous n’avez pas pris ce quiz depuis la dernière actualisation